| 000 | 00873cam a2200229 a 4500 | ||
|---|---|---|---|
| 001 | 000014737 | ||
| 005 | 20200929163908.0 | ||
| 008 | 910822s1990 ck a b 100 0 spa | ||
| 020 | _a9586120570 | ||
| 040 |
_aDO-SdBNP _bspa _cBNPHU |
||
| 050 | 0 | 0 |
_aF2260 _bA48 1990 |
| 082 |
_ann _bA471i |
||
| 245 | 0 | 0 |
_aAluna : _bimágen y memoria de las Jornadas Regionales de Cultura Popular / _ccompiladora Gloria Triana ; fotografía Viki Ospina,. |
| 260 |
_aBogotá : _bPresidencia de la República ; _bPlan Nacional de Rehabilitación ; _bColcultura, _c1990. |
||
| 300 |
_a368 p. : _bil. ; _c28 cm. |
||
| 504 | _aIncluye referencias bibliográficas. | ||
| 590 | _aInventariado, 2019/VM | ||
| 650 | 0 |
_aPopular culture _zColombia _xCongresses. _933420 |
|
| 700 | 1 |
_aTriana, Gloria, _ecomp. _933421 |
|
| 700 | 1 |
_aOspina, Viki. _933422 |
|
| 710 | 1 |
_aInstituto Colombiano de Cultura. _919853 |
|
| 999 |
_c14320 _d14320 |
||